[Event "25th European Teams Women"]
[Site "Batumi GEO"]
[Date "2025.10.13"]
[Round "8.6"]
[Board "4"]
[White "Terbe, Julianna"]
[Black "Radeva, Viktoria"]
[Result "1-0"]
[WhiteTitle "WIM"]
[BlackTitle "WGM"]
[WhiteElo "2206"]
[BlackElo "2292"]
[WhiteTeam "Hungary"]
[BlackTeam "Bulgaria"]
[WhiteFideId "708780"]
[BlackFideId "2915405"]
[EventDate "2025.10.05"]

1. d4 d5 2. c4 e6 3. Nf3 Nf6 4. Nc3 Be7 5. Bf4 O-O 6. e3 c5 7. dxc5 Bxc5 8. cxd5
Nxd5 9. Nxd5 exd5 10. a3 Nc6 11. Bd3 Bg4 12. h3 Bh5 13. O-O Bb6 14. b4 Re8 15.
Rc1 Qf6 16. b5 Na5 17. g4 Bg6 18. Bxg6 hxg6 19. Qxd5 Rad8 20. Qa2 Rd3 21. Kg2
Qe7 22. a4 Qe4 23. Rcd1 Red8 24. Rxd3 Rxd3 25. Kg3 Nb3 26. Rb1 Qd5 27. Ne1 Rc3
28. Kh2 Qc4 29. Bg3 g5 30. Nf3 Bxe3 31. Ne5 Qe4 32. Re1 Rc2 33. Qxb3 Rxf2+ 34.
Bxf2 Qxe5+ 35. Bg3 1-0

[Event "25th European Teams Women"]
[Site "Batumi GEO"]
[Date "2025.10.13"]
[Round "8.7"]
[Board "1"]
[White "Khademalsharieh, Sarasadat"]
[Black "Unuk, Laura"]
[Result "1/2-1/2"]
[WhiteTitle "IM"]
[BlackTitle "IM"]
[WhiteElo "2444"]
[BlackElo "2317"]
[WhiteTeam "Spain"]
[BlackTeam "Slovenia"]
[WhiteFideId "12512214"]
[BlackFideId "14609215"]
[EventDate "2025.10.05"]

1. d4 d5 2. c4 e6 3. Nf3 Nf6 4. cxd5 exd5 5. Bg5 Be6 6. Nc3 Nbd7 7. e3 c6 8. Bd3
Bd6 9. Bh4 Bg4 10. Bg3 Qe7 11. Qb3 Bxf3 12. gxf3 b5 13. Kf1 O-O 14. Qc2 g6 15.
Re1 Rfe8 16. Kg2 Nh5 17. Ne2 Rac8 18. Bxd6 Qxd6 19. Ng3 Ng7 20. Rc1 a6 21. Qd2
h5 22. h4 c5 23. dxc5 Nxc5 24. Be4 Rcd8 25. Rcd1 d4 26. Qxd4 Qxd4 27. exd4 Na4
28. Rd2 Rd6 29. Rc1 Red8 30. Ne2 Ne6 31. b3 Nb6 32. Rc6 Kf8 33. Rxd6 Rxd6 34. f4
f5 35. Bb7 a5 36. Bf3 Ke7 37. Kg3 b4 38. Rd3 Kd7 39. Rd2 a4 40. bxa4 Nxa4 41. d5
Nc7 42. Rd4 Nc3 43. Rxb4 N7xd5 44. Rb7+ Kc8 45. Rb2 Kd7 46. Rd2 Ke6 47. a3 Ra6
48. Rd3 Ne4+ 49. Kg2 Ra5 50. Rb3 Kf6 51. Rd3 Ke6 52. a4 Nb6 53. Nc3 Nxa4 54.
Nxe4 fxe4 55. Bxe4 Nc5 56. Rd5 Ra4 57. Bf3 Rc4 58. Kg3 Rc3 59. Re5+ Kf6 60. Re3
Rc1 61. Ra3 Ne6 62. Bd5 Rd1 63. Bxe6 Kxe6 64. Ra6+ Kf5 65. Ra5+ Kf6 66. Rg5 Rd3+
67. f3 Rd4 68. f5 gxf5 69. Rxh5 Ra4 70. Rh6+ Kg7 71. Rd6 Rb4 72. h5 Ra4 73. h6+
Kh7 74. Rf6 Rb4 75. f4 Ra4 76. Rxf5 Kxh6 77. Rg5 Ra6 78. Kf3 Rg6 79. Rb5 Kg7 80.
Ke4 Kf7 81. Rb7+ Kf8 82. Ke5 Rc6 83. f5 Ra6 84. Kf4 Rc6 85. Kg5 Ra6 86. Rb5 Kg7 1/2-1/2

[Event "25th European Teams Women"]
[Site "Batumi GEO"]
[Date "2025.10.13"]
[Round "8.7"]
[Board "2"]
[White "Urh, Zala"]
[Black "Vega Gutierrez, Sabrina"]
[Result "1/2-1/2"]
[WhiteTitle "WIM"]
[BlackTitle "IM"]
[WhiteElo "2252"]
[BlackElo "2362"]
[WhiteTeam "Slovenia"]
[BlackTeam "Spain"]
[WhiteFideId "14611481"]
[BlackFideId "2219026"]
[EventDate "2025.10.05"]

1. d4 d5 2. c4 e6 3. Nf3 Nf6 4. g3 Bb4+ 5. Bd2 Be7 6. Bg2 c6 7. O-O Nbd7 8. Qc2
Ne4 9. Bf4 g5 10. Bc1 f5 11. b3 h5 12. Nc3 h4 13. Nxe4 dxe4 14. Ne5 Nxe5 15.
dxe5 hxg3 16. hxg3 Qc7 17. Qc3 Bd7 18. Be3 c5 19. a3 Bc6 20. Rfd1 Kf7 21. b4 b6
22. b5 Bb7 23. Ra2 Rag8 24. Rad2 Ke8 25. f4 exf3 26. exf3 g4 27. Bf4 Rh7 28.
fxg4 Bxg2 29. Rxg2 Rgh8 30. Qf3 fxg4 31. Qxg4 Rh1+ 32. Kf2 Rxd1 33. Qxd1 Qb7 34.
Qf3 Qd7 35. Qa8+ Bd8 36. Qc6 Rh1 37. Qxd7+ Kxd7 38. Kf3 Be7 39. Rd2+ Ke8 40. Rd3
Rh2 41. Bd2 Rh5 42. Ke4 Rh2 43. a4 Bd8 44. g4 Re2+ 45. Kf4 Rf2+ 46. Kg3 Re2 47.
a5 bxa5 48. Kf3 Rh2 49. Be3 Bb6 50. Rd6 a4 51. Rxe6+ Kf7 52. Rf6+ Kg7 53. Ke4 a3
54. Rf1 a2 55. Kd3 Rb2 56. Ra1 Kf7 57. Bd2 Bc7 58. Bc3 Rg2 59. Bd2 Rg3+ 60. Kc2
Rxg4 61. Rxa2 Bb6 62. Kb3 Ke6 63. Bc3 Rg3 64. Ra1 Bc7 65. Ra6+ Bb6 66. Ra2 Bc7
67. Ra6+ Bb6 68. Ra2 1/2-1/2

[Event "25th European Teams Women"]
[Site "Batumi GEO"]
[Date "2025.10.13"]
[Round "8.7"]
[Board "3"]
[White "Matnadze Bujiashvili, Ann"]
[Black "Shpanko, Nadiia"]
[Result "1-0"]
[WhiteTitle "IM"]
[BlackTitle "WIM"]
[WhiteElo "2321"]
[BlackElo "2174"]
[WhiteTeam "Spain"]
[BlackTeam "Slovenia"]
[WhiteFideId "13601377"]
[BlackFideId "14132400"]
[EventDate "2025.10.05"]

1. d4 d5 2. c4 e6 3. Nf3 a6 4. Qc2 dxc4 5. a4 c5 6. dxc5 Bxc5 7. e3 Nf6 8. Bxc4
O-O 9. O-O Qe7 10. Nc3 Nc6 11. Ne4 Nxe4 12. Qxe4 Kh8 13. Rd1 f5 14. Qf4 e5 15.
Qg5 e4 16. Qxe7 Bxe7 17. Nd4 Rd8 18. b3 Nxd4 19. exd4 Bf6 20. Bf4 g5 21. Bc7 Rd7
22. Bb6 Bd8 23. Bc5 b6 24. Ba3 Bf6 25. Rac1 Rd8 26. Bb4 Bb7 27. Be6 Bd5 28. Bxf5
Bxb3 29. Re1 Ra7 30. a5 Rf7 31. Rxe4 Kg8 32. axb6 Bxd4 33. Rxd4 Rxd4 34. Rc8+
Kg7 35. Bc3 Kf6 36. g4 Ke5 37. Re8+ Kf4 38. Bxd4 Bd5 39. Re3 1-0

[Event "25th European Teams Women"]
[Site "Batumi GEO"]
[Date "2025.10.13"]
[Round "8.7"]
[Board "4"]
[White "Mihelic, Vesna"]
[Black "Garcia-Castany Musellas, Gal.la"]
[Result "0-1"]
[WhiteTitle "WFM"]
[BlackTitle "WFM"]
[WhiteElo "2127"]
[BlackElo "2201"]
[WhiteTeam "Slovenia"]
[BlackTeam "Spain"]
[WhiteFideId "14625520"]
[BlackFideId "2241803"]
[EventDate "2025.10.05"]

1. e4 e6 2. d4 d5 3. e5 c5 4. c3 Nc6 5. Nf3 Nge7 6. Na3 Bd7 7. Be2 Nf5 8. Nc2
cxd4 9. cxd4 Be7 10. Kf1 Nh4 11. Nxh4 Bxh4 12. Bd3 Be7 13. h4 Qb6 14. Qg4 g6 15.
g3 O-O-O 16. Bg5 h6 17. Bxe7 Nxe7 18. a4 Rdf8 19. Qf4 Nf5 20. b4 g5 21. Qd2 gxh4
22. a5 Qd8 23. g4 Ng7 24. b5 f5 25. b6 a6 26. Nb4 fxg4 27. Bxa6 g3 28. Qd3 Rxf2+
29. Kg1 Qf8 30. Qc3+ Kd8 31. Qc7+ Ke8 32. Qb8+ Kf7 33. Qxb7 Kg6 34. Bd3+ Kh5 35.
Nxd5 exd5 36. Qxd5 Bf5 37. Bf1 Bg4 38. e6+ Rf5 39. Qe4 Qd6 40. Be2 Rf4 41. Bxg4+
Rxg4 42. Qd3 Nxe6 43. Rb1 Qxd4+ 44. Qxd4 Nxd4 45. Kg2 Rf4 46. Rb2 Rhf8 47. Rb4
Kg4 0-1

[Event "25th European Teams Women"]
[Site "Batumi GEO"]
[Date "2025.10.13"]
[Round "8.8"]
[Board "1"]
[White "Badelka, Olga"]
[Black "Kosteniuk, Alexandra"]
[Result "0-1"]
[WhiteTitle "IM"]
[BlackTitle "GM"]
[WhiteElo "2377"]
[BlackElo "2469"]
[WhiteTeam "Austria"]
[BlackTeam "Switzerland"]
[WhiteFideId "13509926"]
[BlackFideId "4128125"]
[EventDate "2025.10.05"]

1. c4 c6 2. d4 d5 3. Nf3 e6 4. e3 Nd7 5. Nbd2 f5 6. b3 Nh6 7. Bb2 Nf7 8. Qc2 Bd6
9. Bd3 a5 10. h3 h5 11. a4 Qe7 12. c5 Bc7 13. O-O-O h4 14. Ng1 O-O 15. Kb1 Rb8
16. Ne2 b6 17. cxb6 Rxb6 18. Nf4 Re8 19. g4 hxg3 20. fxg3 Nf6 21. g4 Ne4 22.
Rhg1 Bxf4 23. exf4 Bd7 24. Bxe4 fxe4 25. Qc3 Reb8 26. Rg3 Qd6 27. Rf1 Bc8 28. f5
Ba6 29. Rf2 exf5 30. gxf5 Bd3+ 31. Rxd3 exd3 32. Qxd3 Qf6 33. Ka2 Nd6 34. Qc2
Nc4 35. Nxc4 Rxb3 36. Rg2 R3b4 37. Nb6 R8xb6 38. Ba3 Rc4 39. Qe2 Qxf5 40. Qe8+
Kh7 41. Rxg7+ Kxg7 42. Qe7+ Kg6 43. Qe8+ Qf7 44. Qe2 Rxd4 0-1

[Event "25th European Teams Women"]
[Site "Batumi GEO"]
[Date "2025.10.13"]
[Round "8.8"]
[Board "2"]
[White "Manko, Mariia"]
[Black "Schloffer, Jasmin-Denise"]
[Result "1-0"]
[WhiteTitle "WIM"]
[BlackTitle "WIM"]
[WhiteElo "2298"]
[BlackElo "2186"]
[WhiteTeam "Switzerland"]
[BlackTeam "Austria"]
[WhiteFideId "14199220"]
[BlackFideId "1631209"]
[EventDate "2025.10.05"]

1. d4 Nf6 2. c4 e6 3. g3 d5 4. Bg2 Bb4+ 5. Bd2 Bd6 6. Nf3 O-O 7. Qc2 c6 8. O-O
Nbd7 9. Rd1 Qe7 10. a3 Ne4 11. Ne1 f5 12. Nd3 a5 13. Bf4 Bxf4 14. Nxf4 Nd6 15.
Nd2 Nf6 16. Nd3 Bd7 17. c5 Nf7 18. Nf3 Be8 19. b4 Qc7 20. Rdb1 Bd7 21. Ra2 Rfb8
22. Rab2 Be8 23. Rb3 Ra7 24. Qd2 Rba8 25. Nf4 Nd8 26. Ng5 Qe7 27. Nf3 Qc7 28. e3
Ne4 29. Qc2 axb4 30. axb4 Ra2 31. R3b2 R2a3 32. Ne2 Bh5 33. b5 cxb5 34. Rxb5 Ra2
35. R5b2 R2a3 36. Nf4 Rc3 37. Qe2 Be8 38. Ne5 Rca3 39. Bxe4 fxe4 40. Qg4 Qe7 41.
h4 Ra1 42. h5 Qf6 43. Kg2 Rxb1 44. Rxb1 Ra6 45. Qe2 Qe7 46. h6 g6 47. Qg4 Qf6
48. Nh5 Qf5 49. Qxf5 exf5 50. Nf4 Bf7 51. c6 Nxc6 52. Rxb7 g5 53. Nxc6 Rxc6 54.
Rb8+ Be8 55. Nxd5 Kf8 56. Kf1 Rc1+ 57. Kg2 Rc6 58. Ra8 g4 59. Rb8 Kf7 60. Rb7+
Ke6 61. Nc7+ Kd7 62. Nxe8+ Kxe8 63. Rxh7 Kf8 64. Rh8+ Kf7 65. h7 Kg7 66. Rf8
Kxh7 67. Rxf5 Re6 68. Rg5 1-0

[Event "25th European Teams Women"]
[Site "Batumi GEO"]
[Date "2025.10.13"]
[Round "8.8"]
[Board "3"]
[White "Deak-Sala, Emilia"]
[Black "Hakimifard, Ghazal"]
[Result "1/2-1/2"]
[WhiteTitle "WFM"]
[BlackTitle "WGM"]
[WhiteElo "2170"]
[BlackElo "2206"]
[WhiteTeam "Austria"]
[BlackTeam "Switzerland"]
[WhiteFideId "795615"]
[BlackFideId "12506540"]
[EventDate "2025.10.05"]

1. e4 c5 2. Nf3 e6 3. d4 cxd4 4. Nxd4 a6 5. c4 Nf6 6. Nc3 Bb4 7. Qd3 d5 8. exd5
exd5 9. Be2 O-O 10. O-O Nc6 11. Nxc6 bxc6 12. Rd1 Be6 13. a3 Be7 14. cxd5 Nxd5
15. Bf3 Qb6 16. Nxd5 cxd5 17. b4 Bf6 18. Be3 Qb5 19. Bd4 Bxd4 20. Qxd4 a5 21.
Qc5 Qa4 22. h3 Rfc8 23. Qd6 Rd8 24. Qc5 Rdc8 25. Qd6 Rd8 26. Qc5 Rdc8 1/2-1/2

[Event "25th European Teams Women"]
[Site "Batumi GEO"]
[Date "2025.10.13"]
[Round "8.8"]
[Board "4"]
[White "Shatil, Or"]
[Black "Froewis, Annika"]
[Result "1-0"]
[WhiteTitle "WIM"]
[BlackTitle "WFM"]
[WhiteElo "2184"]
[BlackElo "2066"]
[WhiteTeam "Switzerland"]
[BlackTeam "Austria"]
[WhiteFideId "2842475"]
[BlackFideId "1621432"]
[EventDate "2025.10.05"]

1. e4 e6 2. d4 d5 3. Nd2 dxe4 4. Nxe4 Nd7 5. g3 Ngf6 6. Nxf6+ Nxf6 7. Bg2 e5 8.
Nf3 exd4 9. Qxd4 Qxd4 10. Nxd4 Bb4+ 11. c3 Ba5 12. Nc6 Bb6 13. O-O Be6 14. Nd4
Bxd4 15. Bxb7 Bxf2+ 16. Rxf2 Rb8 17. Bc6+ Ke7 18. Be3 Kd6 19. Bg2 Bd5 20. Rd1
Ke6 21. Bh3+ Ke7 22. Bc5+ Ke8 23. Rxf6 gxf6 24. Rxd5 Rd8 25. Rxd8+ Kxd8 26. Bxa7
Re8 27. Kf2 Re5 28. Bd4 Rh5 29. Bxf6+ Ke8 30. Kg2 Rd5 31. Bd4 1-0

[Event "25th European Teams Women"]
[Site "Batumi GEO"]
[Date "2025.10.13"]
[Round "8.9"]
[Board "1"]
[White "Kirtadze, Anastasia"]
[Black "Yao, Lan"]
[Result "1-0"]
[WhiteTitle "WFM"]
[BlackTitle "WGM"]
[WhiteElo "2303"]
[BlackElo "2316"]
[WhiteTeam "Georgia 3"]
[BlackTeam "England"]
[WhiteFideId "13622714"]
[BlackFideId "8610835"]
[EventDate "2025.10.05"]

1. e4 c5 2. Nc3 d6 3. d4 cxd4 4. Qxd4 Nc6 5. Qd2 g6 6. b3 Bh6 7. f4 Nf6 8. Bb2
e5 9. g3 O-O 10. O-O-O Bg4 11. Be2 Be6 12. Kb1 Nd4 13. Nf3 Nxe2 14. Qxe2 exf4
15. e5 Nd7 16. Rxd6 Qe7 17. Ne4 Rfd8 18. Rhd1 Nf8 19. Qd2 Rdc8 20. gxf4 Bg7 21.
Nf6+ Kh8 22. Ng5 Bf5 23. Rc1 h6 24. Nge4 Nh7 25. Ng3 Bh3 26. f5 Bxf5 27. Nxf5
gxf5 28. Rg1 Bxf6 29. exf6 Qe4 30. Qxh6 Qxc2+ 31. Ka1 Rg8 32. Rxg8+ 1-0

[Event "25th European Teams Women"]
[Site "Batumi GEO"]
[Date "2025.10.13"]
[Round "8.9"]
[Board "2"]
[White "Hunt, Harriet V"]
[Black "Mgeladze, Kesaria"]
[Result "0-1"]
[WhiteTitle "IM"]
[BlackTitle "WFM"]
[WhiteElo "2284"]
[BlackElo "2290"]
[WhiteTeam "England"]
[BlackTeam "Georgia 3"]
[WhiteFideId "403512"]
[BlackFideId "13621130"]
[EventDate "2025.10.05"]

1. e4 e6 2. d3 d5 3. Qe2 Nc6 4. Nf3 e5 5. g3 dxe4 6. dxe4 Bg4 7. c3 Qd7 8. h3
Bh5 9. Bg2 O-O-O 10. O-O f6 11. Nbd2 g5 12. Nc4 Bf7 13. Ne3 Nge7 14. Rd1 Qe6 15.
Ne1 Rxd1 16. Qxd1 Bg7 17. b4 Rd8 18. Qa4 a6 19. b5 axb5 20. Qxb5 Nb8 21. a4 Be8
22. Qe2 h5 23. Ba3 Bf8 24. Nd5 Nxd5 25. exd5 Qf7 26. Bxf8 Qxf8 27. Nd3 Bg6 28.
a5 Na6 29. Nb4 Qd6 30. Nxa6 Qxa6 31. c4 e4 32. Bxe4 Re8 33. Bf5+ Kb8 34. Qd3
Bxf5 35. Qxf5 Qxc4 36. a6 Qc3 37. Qb1 b6 38. d6 Ka7 39. dxc7 Rc8 40. Ra4 Rxc7
41. Qe4 Qc6 42. h4 Qxe4 43. Rxe4 f5 44. Re5 gxh4 45. gxh4 Rc5 46. Re8 b5 47. Kf1
b4 48. Ke2 Kxa6 49. Kd3 b3 50. Ra8+ Kb7 51. Ra1 b2 52. Rb1 Rb5 53. Kc3 Kc6 54.
Rxb2 Rxb2 55. Kxb2 Kd5 56. Kc3 Ke4 57. Kd2 Kf3 58. Ke1 Kg2 59. Ke2 f4 0-1

[Event "25th European Teams Women"]
[Site "Batumi GEO"]
[Date "2025.10.13"]
[Round "8.9"]
[Board "3"]
[White "Donghvani, Nia"]
[Black "Mirzoeva, Elmira"]
[Result "0-1"]
[WhiteTitle "WFM"]
[BlackTitle "WGM"]
[WhiteElo "2127"]
[BlackElo "2300"]
[WhiteTeam "Georgia 3"]
[BlackTeam "England"]
[WhiteFideId "13614649"]
[BlackFideId "4127951"]
[EventDate "2025.10.05"]

1. e4 c5 2. Nf3 Nc6 3. Bb5 g6 4. O-O Bg7 5. Re1 Nh6 6. c3 O-O 7. d4 cxd4 8. cxd4
d5 9. e5 Bg4 10. Bxc6 bxc6 11. h3 Bxf3 12. Qxf3 Qb6 13. Qd3 Nf5 14. Rd1 f6 15.
e6 Nd6 16. Nc3 f5 17. Na4 Qb5 18. Nc5 Qxd3 19. Rxd3 Nb5 20. Nb3 Rf6 21. Nc5 Rff8
22. Nb3 h6 23. Bd2 Rf6 24. Re1 Nc7 25. Nc5 g5 26. a4 Rg6 27. Bb4 Rb8 28. Ba3 f4
29. Kf1 Rf8 30. Nd7 Rf5 31. Bxe7 Rxe6 32. Bc5 Rxe1+ 33. Kxe1 Rf7 34. Nb8 Ne6 35.
Nxc6 Rc7 36. Ne7+ Kf7 37. Nxd5 Rd7 38. Nb4 a5 39. Na6 Nxd4 40. Bxd4 Bxd4 41. Kf1
Rd6 42. Nc7 Be5 43. Rxd6 Bxd6 44. Nb5 Be5 45. Nc3 Ke6 46. Ke2 Kd6 47. g3 fxg3
48. fxg3 Kc5 49. g4 Kb4 50. Kd3 Bxc3 51. bxc3+ Kxa4 52. Kc4 Ka3 53. Kb5 a4 54.
c4 Kb3 55. c5 a3 56. c6 a2 57. c7 a1=Q 58. c8=Q Qf1+ 59. Kb6 Qxh3 60. Qe6+ Kc3
61. Kc5 Qf3 62. Qf5 Qh1 63. Kd6 Kd4 64. Qc5+ Kd3 65. Qa3+ Ke2 66. Qb2+ Ke3 67.
Qe5+ Kf2 68. Ke6 Qc6+ 69. Ke7 Kf3 70. Qf5+ Kg3 71. Kf7 Qc4+ 72. Kg6 Qxg4 73.
Qe5+ Qf4 74. Qe1+ Kh2 75. Qe2+ Kh3 76. Kxh6 g4+ 77. Kg6 g3 78. Qh5+ Qh4 79. Qd5
g2 0-1

[Event "25th European Teams Women"]
[Site "Batumi GEO"]
[Date "2025.10.13"]
[Round "8.9"]
[Board "4"]
[White "Sivanandan, Bodhana"]
[Black "Lomaia, Diana"]
[Result "1-0"]
[WhiteTitle "WFM"]
[BlackTitle "WFM"]
[WhiteElo "2205"]
[BlackElo "2071"]
[WhiteTeam "England"]
[BlackTeam "Georgia 3"]
[WhiteFideId "497592"]
[BlackFideId "13612476"]
[EventDate "2025.10.05"]

1. e4 e5 2. Nf3 Nc6 3. Nc3 Nf6 4. d4 exd4 5. Nxd4 Bb4 6. Nxc6 bxc6 7. Bd3 d5 8.
exd5 cxd5 9. O-O O-O 10. h3 c6 11. Qf3 Re8 12. Bf4 Bd6 13. Rfe1 Be6 14. Ne2 a5
15. Rad1 Qc7 16. Qg3 Bxf4 17. Nxf4 Qb8 18. b3 a4 19. Re2 Bd7 20. Rde1 Qb4 21. c3
Qa5 22. b4 Qb6 23. a3 Rxe2 24. Rxe2 Re8 25. Rxe8+ Bxe8 26. Ne2 c5 27. Qe3 d4 28.
bxc5 Qxc5 29. cxd4 Qd6 30. Ng3 Bd7 31. Bf5 Bc6 32. Bc2 Qd5 33. f3 g6 34. Nf5
gxf5 35. Qg5+ Kf8 36. Qxf6 Bd7 37. Kh2 Ke8 38. Qe5+ Qe6 39. Kg3 Kf8 40. Qxe6
fxe6 41. Kf4 Ke7 42. Ke5 Bc6 43. Bd3 h6 44. Bc4 f4 45. Bxe6 Bb5 46. d5 Bf1 47.
d6+ Kd8 48. Kxf4 Bxg2 49. Kg4 Bf1 50. Kh5 Be2 51. Bg4 1-0

[Event "25th European Teams Women"]
[Site "Batumi GEO"]
[Date "2025.10.13"]
[Round "8.10"]
[Board "1"]
[White "Roebers, Eline"]
[Black "Khukhashvili, Sopiko"]
[Result "0-1"]
[WhiteTitle "IM"]
[BlackTitle "IM"]
[WhiteElo "2383"]
[BlackElo "2304"]
[WhiteTeam "Netherlands"]
[BlackTeam "Georgia 2"]
[WhiteFideId "1058401"]
[BlackFideId "13602055"]
[EventDate "2025.10.05"]

1. d4 Nf6 2. Nf3 e6 3. g3 b5 4. Bg2 Bb7 5. O-O c5 6. Na3 Qb6 7. c4 b4 8. Nc2 Na6
9. b3 d6 10. Bb2 Be7 11. Ne3 cxd4 12. Qxd4 Qc7 13. h4 Nc5 14. Qd2 Qb6 15. Nd4
Bxg2 16. Kxg2 Rd8 17. f3 h5 18. Rfd1 Qb7 19. Nec2 a5 20. e4 Rh6 21. Qe3 Rg6 22.
Ne2 Nfxe4 23. fxe4 Nxe4 24. Kh3 Rg4 25. Kh2 Bxh4 26. gxh4 Ng5 27. Rd5 Rxh4+ 28.
Kg1 Re4 29. Qxg5 Rg4+ 30. Ng3 Rxg5 31. Rxg5 f6 32. Rxh5 Qf3 33. Rh3 d5 34. Rf1
Qd3 35. Nd4 dxc4 36. Nxe6 Qe3+ 37. Rf2 Rd1+ 38. Kg2 Rd2 39. Nxg7+ Kf7 40. Nh1
Qe4+ 41. Rf3 c3 42. Bc1 Rxf2+ 43. Nxf2 Qc2 44. Bg5 Kxg7 45. Bxf6+ Kg6 46. Kg3
Qd2 47. Nd3 c2 48. Bb2 Qd1 49. Rf6+ Kh7 50. Nc1 Qd5 51. Kf4 Kg8 52. Rf5 Qd6+ 53.
Ke4 Qe6+ 54. Re5 Qa6 55. Ke3 Qd6 56. Nd3 Qh6+ 57. Kd4 Qd6+ 58. Ke4 Qc6+ 59. Rd5
Qg6+ 60. Rf5 a4 61. Nc1 a3 62. Bd4 Qc6+ 63. Ke5 Qh6 64. Rf4 Qh8+ 65. Rf6 Qh2+
66. Rf4 Qh5+ 67. Rf5 Qh3 68. Rg5+ Kf7 69. Rg1 Qe6+ 70. Kf4 Qh6+ 71. Ke4 Ke6 72.
Be3 Qh7+ 73. Kf3 Qh5+ 74. Kf2 Qh2+ 75. Rg2 Qh4+ 76. Kf3 Qh5+ 77. Kg3 Qd1 78. Rf2
Qg1+ 79. Kf4 Qe1 80. Rxc2 Qh4+ 81. Kf3 Qh5+ 82. Ke4 Qf5+ 83. Kd4 Qd5# 0-1

[Event "25th European Teams Women"]
[Site "Batumi GEO"]
[Date "2025.10.13"]
[Round "8.10"]
[Board "2"]
[White "Purtseladze, Maka"]
[Black "Van Foreest, Machteld"]
[Result "1/2-1/2"]
[WhiteTitle "IM"]
[BlackTitle "FM"]
[WhiteElo "2261"]
[BlackElo "2314"]
[WhiteTeam "Georgia 2"]
[BlackTeam "Netherlands"]
[WhiteFideId "13602659"]
[BlackFideId "1051563"]
[EventDate "2025.10.05"]

1. d4 Nf6 2. c4 e6 3. Nf3 d5 4. Nc3 dxc4 5. e3 a6 6. a4 c5 7. Bxc4 Nc6 8. O-O
Be7 9. Qd3 O-O 10. Rd1 Qc7 11. Qe2 Rd8 12. h3 b6 13. dxc5 Rxd1+ 14. Qxd1 Bxc5
15. Bd2 Bb7 16. Qe2 Ne5 17. Nxe5 Qxe5 18. Rd1 Qg5 19. e4 Qh4 20. Bd3 Rd8 21. Be3
Nd7 22. Bxa6 Bxa6 23. Qxa6 Bxe3 24. fxe3 Ne5 25. Rxd8+ Qxd8 26. Qe2 h6 27. Nb5
Qc8 28. Nd6 Qc1+ 29. Kf2 Qxb2 30. Qxb2 Nd3+ 31. Ke2 Nxb2 32. e5 g5 33. g4 Nxa4
34. Kd3 Kg7 35. Ne4 b5 36. Nd6 b4 37. Kc4 Nb2+ 38. Kxb4 Nd3+ 39. Kc3 Nxe5 40.
Kd2 Kg6 41. Ke2 h5 42. gxh5+ Kxh5 43. Kf2 Kh4 44. Kg2 f5 45. Nb5 Nc4 46. Nd4
Nxe3+ 47. Kf2 Nd1+ 48. Kg2 Ne3+ 49. Kf2 Nc4 50. Nxe6 Nd2 51. Ke3 Ne4 52. Nd4 Ng3
53. Nf3+ Kh5 54. Kf2 Ne4+ 55. Ke3 Nc3 56. Kf2 Nd5 57. Nd4 f4 58. Nf3 Kg6 59. Nd4
Ne3 60. Kf3 Kh5 61. Ne6 Nd5 62. Ng7+ Kg6 63. Ne6 Kf5 64. Nd4+ Kf6 65. Nc6 Kg6
66. Nd4 Kh5 67. Nf5 Ne3 68. Ne7 Nc4 69. Nd5 Ne5+ 70. Ke4 Ng6 71. Nc7 Ne7 72. Ne6
Nd5 73. Nd4 Nc3+ 74. Kf3 Nb1 75. Nf5 Nd2+ 76. Ke2 Nc4 77. Kf3 Ne5+ 78. Ke4 Ng6
79. Nd4 Nh4 80. Ne6 Ng2 81. Kf3 Ne1+ 82. Ke2 Nc2 83. Kf3 Ne1+ 84. Ke2 Ng2 85.
Kf3 Nh4+ 86. Ke4 Ng6 87. Nd4 g4 88. hxg4+ Kxg4 89. Kd3 Ne5+ 90. Ke2 Nc4 91. Kf2
Nd6 92. Kg2 Ne4 93. Nf3 Nc5 94. Nd4 Nd3 95. Kf1 f3 96. Nxf3 Kxf3 1/2-1/2

[Event "25th European Teams Women"]
[Site "Batumi GEO"]
[Date "2025.10.13"]
[Round "8.10"]
[Board "3"]
[White "Kazarian, Anna-Maja"]
[Black "Gvetadze, Sofio"]
[Result "0-1"]
[WhiteTitle "FM"]
[BlackTitle "IM"]
[WhiteElo "2244"]
[BlackElo "2298"]
[WhiteTeam "Netherlands"]
[BlackTeam "Georgia 2"]
[WhiteFideId "1033689"]
[BlackFideId "13601440"]
[EventDate "2025.10.05"]

1. e4 c5 2. Nf3 d6 3. d4 cxd4 4. Nxd4 Nf6 5. Nc3 g6 6. Be3 Bg7 7. f3 O-O 8. Bc4
Nc6 9. Qd2 Na5 10. Bb3 Nxb3 11. axb3 a6 12. Bh6 e5 13. Bxg7 Kxg7 14. Nde2 Be6
15. O-O-O Ne8 16. h4 h5 17. Kb1 a5 18. g4 Rh8 19. g5 Ra6 20. f4 Qa8 21. Qd3 a4
22. bxa4 b5 23. fxe5 b4 24. exd6 bxc3 25. Qxc3+ Kh7 26. Nf4 Ba2+ 27. Kc1 Nxd6
28. Nxh5 gxh5 29. g6+ fxg6 30. Rhf1 Rc8 31. Qe5 Qxe4 32. Qh2 Rxc2+ 33. Qxc2 Rc6
34. Qxc6 Qxc6+ 35. Kd2 Qd5+ 36. Kc1 Qc4+ 37. Kd2 Qd4+ 38. Kc2 Qxa4+ 39. Kd2 Qd4+
40. Kc2 Qxh4 41. b3 Nf5 42. Kb2 Qh2+ 43. Ka3 Qc2 44. Rd7+ Kh6 45. Rf3 Bb1 46.
Rf1 Qc6 47. Rfd1 Bc2 48. R1d5 Qb6 49. b4 Qe3+ 50. Kb2 Qb3+ 51. Kc1 Be4 52. Rc5
Qb1+ 53. Kd2 Qxb4+ 54. Rc3 Qb2+ 0-1

[Event "25th European Teams Women"]
[Site "Batumi GEO"]
[Date "2025.10.13"]
[Round "8.10"]
[Board "4"]
[White "Koridze, Lile"]
[Black "Duson, Robin"]
[Result "1/2-1/2"]
[WhiteTitle "WFM"]
[WhiteElo "2104"]
[BlackElo "2188"]
[WhiteTeam "Georgia 2"]
[BlackTeam "Netherlands"]
[WhiteFideId "13612514"]
[BlackFideId "1055038"]
[EventDate "2025.10.05"]

1. d4 Nf6 2. c4 e6 3. Nf3 d5 4. g3 Bb4+ 5. Bd2 Be7 6. Bg2 O-O 7. O-O c6 8. Qc2
Nbd7 9. b3 b6 10. Rd1 a5 11. Nc3 Ba6 12. Bf4 Rc8 13. e4 dxc4 14. Qe2 b5 15. bxc4
bxc4 16. Qc2 Nb6 17. Rab1 Bb4 18. Bg5 Qc7 19. e5 Nfd5 20. Ne4 Bb5 21. Qc1 Na4
22. Nf6+ gxf6 23. Bxf6 Nxf6 24. Qg5+ Kh8 25. Qxf6+ Kg8 26. Qg5+ Kh8 27. Qf6+ Kg8
28. Qg5+ Kh8 29. Qf6+ Kg8 30. Qg5+ Kh8 1/2-1/2

[Event "25th European Teams Women"]
[Site "Batumi GEO"]
[Date "2025.10.13"]
[Round "8.11"]
[Board "1"]
[White "Movsesian, Julia"]
[Black "Narva, Mai"]
[Result "0-1"]
[WhiteTitle "WGM"]
[BlackTitle "IM"]
[WhiteElo "2220"]
[BlackElo "2403"]
[WhiteTeam "Czech Republic"]
[BlackTeam "Estonia"]
[WhiteFideId "4139690"]
[BlackFideId "4500512"]
[EventDate "2025.10.05"]

1. e4 c5 2. Nf3 d6 3. Nc3 a6 4. d4 cxd4 5. Nxd4 Nf6 6. Bg5 e6 7. f4 h6 8. Bh4
Nbd7 9. Qf3 e5 10. Bxf6 Nxf6 11. Nf5 g6 12. Ne3 exf4 13. Qxf4 Nh5 14. Qf3 Bg7
15. Bc4 O-O 16. O-O Be5 17. Nf5 Bxf5 18. exf5 Qh4 19. Bxf7+ Rxf7 20. g3 Qd4+ 21.
Kh1 Rxf5 22. Qxb7 Raf8 0-1